<?xml version="1.0" encoding="UTF-8"?>
<collection xmlns="http://www.loc.gov/MARC21/slim">
 <record>
  <leader>     na                 </leader>
  <controlfield tag="001">INLIS000000000008357</controlfield>
  <controlfield tag="005">20221012025358</controlfield>
  <datafield tag="035" ind1=" " ind2=" ">
   <subfield code="a">0010-0520008357</subfield>
  </datafield>
  <controlfield tag="008">221012                |          | ind  </controlfield>
  <datafield tag="020" ind1=" " ind2=" ">
   <subfield code="a">9791305137</subfield>
  </datafield>
  <datafield tag="041" ind1=" " ind2=" ">
   <subfield code="a">ind</subfield>
  </datafield>
  <datafield tag="082" ind1=" " ind2=" ">
   <subfield code="a">300</subfield>
  </datafield>
  <datafield tag="084" ind1=" " ind2=" ">
   <subfield code="a">300 COL d</subfield>
  </datafield>
  <datafield tag="100" ind1="0" ind2=" ">
   <subfield code="a">Coleman, James S.</subfield>
  </datafield>
  <datafield tag="245" ind1="1" ind2=" ">
   <subfield code="a">Dasar-Dasar Teori Sosial (Foundations of social theory) /</subfield>
   <subfield code="c">James S. Coleman</subfield>
  </datafield>
  <datafield tag="260" ind1=" " ind2=" ">
   <subfield code="a">Jakarta :</subfield>
   <subfield code="b">Nusa Media,</subfield>
   <subfield code="c">2009</subfield>
  </datafield>
  <datafield tag="300" ind1=" " ind2=" ">
   <subfield code="a">xx, 940 p.; 23.5 cm ;</subfield>
   <subfield code="c">23.5 cm</subfield>
  </datafield>
  <datafield tag="520" ind1=" " ind2=" ">
   <subfield code="a">Dasar-Dasar Teori Sosial merupakan terjemahan dari karya Monumental JAMES S. COLEMAN Foundations Of Social Theory. Di luar bab pendahuluan yang menjelaskan teori sosial dan teori tindakan secara umum, buku ini terdiri dari 23 bab, yang dibagi ke dalam 4 bagian. Bagian satu, Tindakan Dan Hubungan Dasar (bab 2-5), membahas: Pelaku dan Sumber, Kepentingan dan Penguasaan; Hak untuk Bertindak; Hubungan Kekuasaan; Hubungan Kepercayaan. Bagian Dua, Struktur-Struktur Tindakan (6-12), menghadirkan tentang: Sistem Pertukaran Sosial; Relasi wewenang; Sistem Kepercayaan dan Sistem-Sistemnya yang Dinamis; Perilaku Kolektif; Tuntutan norma-orma yang Efektif; Realisasi Norma-norma yang Efektif; Modal Sosial. Bagian Tiga, Tindakan-Tindakan Kelompok (13–19), membahas: Konstitusi dan Bentuk Pelaku Kelompok; Problema Pilihan Sosial; pilihan Individu ke Pilihan Masyarakat; Penarikan Wewenang; Diri. Bagian Empat, Masyarakat Modern (20-24), membahas: Pelaku Orang dan Pelaku kelompok yang baru; Pertanggungjawaban Pelaku Kelompok; Generasi Baru dalam Struktur Sosial yang Baru; Relasi sosiologi dengan Tindakan Sosial dalam Struktur Sosial yang Baru; Struktur Sosial Baru dan Ilmu Sosial baru.</subfield>
  </datafield>
  <datafield tag="650" ind1=" " ind2="4">
   <subfield code="a">Social role</subfield>
  </datafield>
  <datafield tag="700" ind1="0" ind2=" ">
   <subfield code="a">Imam Muttaqien (Penerjemah)</subfield>
  </datafield>
  <datafield tag="700" ind1="0" ind2=" ">
   <subfield code="a">Derta Sri Widowatie (Penerjemah)</subfield>
  </datafield>
  <datafield tag="700" ind1="0" ind2=" ">
   <subfield code="a">Siwi Purwandari (Penerjemah)</subfield>
  </datafield>
  <datafield tag="990" ind1=" " ind2=" ">
   <subfield code="a">22403/MKRI-P/XI-2011</subfield>
  </datafield>
  <datafield tag="990" ind1=" " ind2=" ">
   <subfield code="a">22404/MKRI-P/XI-2011</subfield>
  </datafield>
  <datafield tag="990" ind1=" " ind2=" ">
   <subfield code="a">22405/MKRI-P/XI-2011</subfield>
  </datafield>
  <datafield tag="990" ind1=" " ind2=" ">
   <subfield code="a">22406/MKRI-P/XI-2011</subfield>
  </datafield>
  <datafield tag="990" ind1=" " ind2=" ">
   <subfield code="a">22406/MKRI-P/XI-2011</subfield>
  </datafield>
  <datafield tag="990" ind1=" " ind2=" ">
   <subfield code="a">22403/MKRI-P/XI-2011</subfield>
  </datafield>
  <datafield tag="990" ind1=" " ind2=" ">
   <subfield code="a">22404/MKRI-P/XI-2011</subfield>
  </datafield>
  <datafield tag="990" ind1=" " ind2=" ">
   <subfield code="a">22405/MKRI-P/XI-2011</subfield>
  </datafield>
  <datafield tag="990" ind1=" " ind2=" ">
   <subfield code="a">22405/MKRI-P/XI-2011</subfield>
  </datafield>
  <datafield tag="990" ind1=" " ind2=" ">
   <subfield code="a">22403/MKRI-P/XI-2011</subfield>
  </datafield>
  <datafield tag="990" ind1=" " ind2=" ">
   <subfield code="a">22404/MKRI-P/XI-2011</subfield>
  </datafield>
  <datafield tag="990" ind1=" " ind2=" ">
   <subfield code="a">22406/MKRI-P/XI-2011</subfield>
  </datafield>
  <datafield tag="990" ind1=" " ind2=" ">
   <subfield code="a">22404/MKRI-P/XI-2011</subfield>
  </datafield>
  <datafield tag="990" ind1=" " ind2=" ">
   <subfield code="a">22403/MKRI-P/XI-2011</subfield>
  </datafield>
  <datafield tag="990" ind1=" " ind2=" ">
   <subfield code="a">22405/MKRI-P/XI-2011</subfield>
  </datafield>
  <datafield tag="990" ind1=" " ind2=" ">
   <subfield code="a">22406/MKRI-P/XI-2011</subfield>
  </datafield>
  <datafield tag="990" ind1=" " ind2=" ">
   <subfield code="a">22403/MKRI-P/XI-2011</subfield>
  </datafield>
  <datafield tag="990" ind1=" " ind2=" ">
   <subfield code="a">22404/MKRI-P/XI-2011</subfield>
  </datafield>
  <datafield tag="990" ind1=" " ind2=" ">
   <subfield code="a">22405/MKRI-P/XI-2011</subfield>
  </datafield>
  <datafield tag="990" ind1=" " ind2=" ">
   <subfield code="a">22406/MKRI-P/XI-2011</subfield>
  </datafield>
 </record>
</collection>
